00828nam a2200157 a 450000100100000000500170001000800410002704000250006824501300009326000880022330000190031150000350033095201830036595201050054899900170065300004626020201002052738.0150713s1990 dr 000 0 spa d aDO-SdBNPbspacBNPHU00aTraslado al panteón nacional de los restos de :bDon Federico Henríquez y Carvajal, Don Francisco Henríquez y Carvajal. aSanto Domingo, República Dominicana :bAcademia Dominicana de la Historia,c1990. a9 p. ;c22 cm. aTítulo tomado de la cubierta 0010718PDaPDbPDcHDd2015-07-13iLF1l0o p46260-10r2020-06-25w2020-06-25yLFPDzPerteneció a la biblioteca personal de Chiqui Vicioso / Fidelio Despradel.ZNo se presta 0010718PDaPDbPDcHDd2015-07-13iLF1l0o p46261-10r2020-06-25w2020-06-25yLFPDZNo se presta c45749d45749